La prueba en el proceso civil (Record no. 135856)
[ view plain ]
| 000 -LEADER | |
|---|---|
| fixed length control field | 00680cam a2200205 4500 |
| 005 - DATE AND TIME OF LATEST TRANSACTION | |
| control field | 20251006113727.0 |
| 008 - FIXED-LENGTH DATA ELEMENTS--GENERAL INFORMATION | |
| fixed length control field | 250926b ag |||||||| |||| 00| 0 spa d |
| 020 ## - INTERNATIONAL STANDARD BOOK NUMBER | |
| International Standard Book Number | 9502002091 |
| 050 04 - LIBRARY OF CONGRESS CALL NUMBER | |
| Classification number | KHA2640 |
| Item number | P39 1983 |
| 100 1# - MAIN ENTRY--PERSONAL NAME | |
| Personal name | Payá, Fernando H. |
| 245 13 - TITLE STATEMENT | |
| Title | La prueba en el proceso civil |
| Statement of responsibility, etc | / Fernando H. Paya ; colaboración Roberto Italo Perillo. |
| 250 ## - EDITION STATEMENT | |
| Edition statement | 1a ed. |
| 260 ## - PUBLICATION, DISTRIBUTION, ETC. (IMPRINT) | |
| Place of publication, distribution, etc | Buenos Aires : |
| Name of publisher, distributor, etc | Abeledo-Perrot, |
| Date of publication, distribution, etc | 1983 |
| 300 ## - PHYSICAL DESCRIPTION | |
| Extent | 108 p. ; |
| Dimensions | 23 cm. |
| 504 ## - BIBLIOGRAPHY, ETC. NOTE | |
| Bibliography, etc | Bibliografía : p. 107-108 |
| 650 #7 - SUBJECT ADDED ENTRY--TOPICAL TERM | |
| Source of heading or term | lemb |
| Topical term or geographic name as entry element | Derecho procesal civil |
| General subdivision | Argentina |
| 650 #7 - SUBJECT ADDED ENTRY--TOPICAL TERM | |
| Source of heading or term | lemb |
| Topical term or geographic name as entry element | Prueba (Derecho) |
| General subdivision | Argentina |
| 700 1# - ADDED ENTRY--PERSONAL NAME | |
| Personal name | Italo Perillo, Roberto, |
| Relator term | colaborador |
| 942 ## - ADDED ENTRY ELEMENTS (KOHA) | |
| Source of classification or shelving scheme | Biblioteca del Cogreso de los Estados Unidos |
| Koha item type | Libro |
| Estado de pérdida | Fuente de clasificación | Estado del daño | No para préstamo | Ubicación permanente | Ubicación actual | Apartado o colección | Fecha de adquisición | Edición | Área del conocimiento | Clasificación | Código de Barras | Date last seen | Número de copia | Costo por reposición | Tipo de recurso |
|---|---|---|---|---|---|---|---|---|---|---|---|---|---|---|---|
| Biblioteca del Cogreso de los Estados Unidos | Biblioteca de la Facultad de Derecho y Ciencias Sociales "Felipe J. Tena" | Biblioteca de la Facultad de Derecho y Ciencias Sociales "Felipe J. Tena" | General | 12/03/2020 | 1a ed. | Ciencias Sociales y Administrativas | KHA2640 P39 1983 | BFD000012305 | 12/03/2020 | 1 | 1.00 | Libro |